000 00310nam a22001217a 4500
008 230703b xxu||||| |||| 00| 0 eng d
082 _a342.16
_bIPU 1997
245 _aConstitutional & Parliamentary Information
260 _bInterparliamentary Union
_c1997
300 _a171p
440 _n174
942 _2ddc
_cBK
999 _c3219
_d3219